Statistics for Australian Bird Names Containing 'Green'

Click here to take the quiz!

General Stats

  • This quiz has been taken 7 times
  • The average score is 3 of 7

Answer Stats

Answer% Correct
Green Pygmy-Goose
80%
Green Catbird
60%
Green Rosella
60%
Common Greenshank
20%
European Greenfinch
20%
Green-backed Gerygone
20%
Green-backed Honeyeater
20%

Score Distribution

Percentile by Number Answered

Percent of People with Each Score

Your Score History

You have not taken this quiz